000 00231nam a22000857a 4500
008 161128b xxu||||| |||| 00| 0 eng d
100 _91495
_aRajagopalan. S
245 _aLearn and play quitar books
260 _aAmerica
_bMaster books
_c2005
999 _c4220
_d4220